Triết học mở và xã hội mở

Salvato in:
Dettagli Bibliografici
Autore principale: MAURICE CORNFORTH
Natura: Libro
Lingua:Undetermined
Pubblicazione: KHXH 2002
Tags: Aggiungi Tag
Nessun Tag, puoi essere il primo ad aggiungerne! !
Thư viện lưu trữ: Trung tâm Học liệu Trường Đại học Cần Thơ
LEADER 00403nam a2200145Ia 4500
001 CTU_49792
008 210402s9999 xx 000 0 und d
082 |a 335.437 
082 |b C816 
100 |a MAURICE CORNFORTH 
245 0 |a Triết học mở và xã hội mở 
245 0 |c MAURICE CORNFORTH 
260 |b KHXH 
260 |c 2002 
980 |a Trung tâm Học liệu Trường Đại học Cần Thơ